Guess the EDM genre by iconic track - Statistics

General Stats
  • This quiz has been taken 58 times
  • The average score is 5 of 13
Answer Stats
Track Artist Genre % Correct
Name Drop Excision Dubstep
92%
Baddadan Chase & Status Drum and Bass
60%
So Easy Da Tweekaz Hardstyle
54%
Core RL Grime Trap
52%
Push Up Creeds Techno
50%
dashstar* Knock2 Bass House
46%
Switch Riot Ten Riddim
31%
Hold On Illenium Progressive House
29%
Mandala Blastoyz Psytrance
25%
Shake It INNDRIVE Tech House
25%
Trip To Valhalla Dr. Peacock Uptempo
13%
Hypnocurrency Rezz, deadmau5 Midtempo Bass
8%
Jimmy's Gang Parov Stelar Electro Swing
0%
No matching quizzes found
Score Distribution
Percent of People with Each Score
Percentile by Number Answered
Your Score History
You have not taken this quiz